| 000 | 00545nam a2200181 a 4500 | ||
|---|---|---|---|
| 001 | 000017405 | ||
| 005 | 20240412074247.0 | ||
| 008 | 100324s1979 dr 000 p spa d | ||
| 040 |
_aDO-SdBNP _bspa _cBNPHU |
||
| 082 |
_aRD861.44 _bH557g |
||
| 100 | 1 |
_aHernández Ortega, Gilberto _911311 |
|
| 245 | 1 | 0 |
_aDe Gualey al cielo / _cGilberto Hernández Ortega. |
| 260 |
_aSanto Domingo : _bGaleria de Arte Moderno, _c1979. |
||
| 300 |
_a15 p. ; _c22 cm. |
||
| 650 | 0 |
_aPoesía dominicana _966 |
|
| 650 | 0 |
_aLiteratura dominicana. _967 |
|
| 049 | _aBNPD | ||
| 999 |
_c16930 _d16930 |
||